000 00810nam a2200229 a 4500
999 _c5698
_d5698
001 5698
003 BD-JhCC
005 20221201134023.0
008 171219s19982011bg a|||| || | 000 0 eng d
035 _a(BD-JhCC)5698
040 _aBD-JhCC
_dBD-JhCC
041 _aeng
082 _a540
_bHAZ 2011
100 _aহাজারী, সরোজ কান্তি সিংহ
245 _aউচ্চ মাধ্যমিক রসায়ন প্রথম পত্র /
_cসরোজ কান্তি সিংহ হাজারী এবং হারাধন নাগ
260 _aঢাকা :
_bহাসান বুক হাউস,
_c2011
300 _a603 p. :
_c24 cm.
650 _aChemistry
700 _aনাগ, হারাধন
942 _2ddc
_cBK
_022